Výňatok z publikácie "Živnostenské podnikanie"
Novelizácia živnostenského zákona zákonom NR SR č.132/1994 Z.z., komentár a vysvetlivky k paragrafu 6 Všeobecné podmienky prevádzkovania živnosti, paragrafu 11 venovanému inštitútu zodpovedného zástupcu a paragrafu 17 Prevádzkareň.
Gespeichert in:
| 1. Verfasser: | |
|---|---|
| Weitere Verfasser: | |
| Format: | Buchkapitel |
| Sprache: | Slowakisch |
| Schlagworte: | |
| Tags: |
Keine Tags, Fügen Sie das erste Tag hinzu!
|
MARC
| LEADER | 00000naa a2200000 4500 | ||
|---|---|---|---|
| 001 | r024032 | ||
| 005 | 20221213113813.0 | ||
| 041 | 0 | |a slo | |
| 044 | |a SK | ||
| 245 | 1 | 0 | |a Výňatok z publikácie "Živnostenské podnikanie" |c L. Kopál, F. Urmin |
| 520 | |a Novelizácia živnostenského zákona zákonom NR SR č.132/1994 Z.z., komentár a vysvetlivky k paragrafu 6 Všeobecné podmienky prevádzkovania živnosti, paragrafu 11 venovanému inštitútu zodpovedného zástupcu a paragrafu 17 Prevádzkareň. | ||
| 610 | 2 | 0 | |a živnosti |
| 610 | 2 | 0 | |a zákony |
| 610 | 2 | 0 | |a Slovensko |
| 610 | 2 | 0 | |a 1992-1994 |
| 610 | 2 | 0 | |a podnikanie |
| 610 | 2 | 0 | |a prevádzky |
| 100 | 1 | |a Kopál, L. | |
| 700 | 1 | |a Urmin, F. | |